000 00486nam a2200169Ia 4500
008 190509s9999 xx 000 0 und d
100 _aMartin, Wednesday
245 2 _aA Natural history of women infidelity/
245 _cWednesday Martin
260 _bSussex Publisher
260 _c2018
300 _aPages 80-88, September/October 2018
440 _aPsychology Today: Core Values
_v1/2/1900 3:05:00 AM
650 _ainfidelity
650 _amonogamy
650 _arelationship
999 _c361813
_d361813